| 000 | 00475cam a2200205ua 4500 | ||
|---|---|---|---|
| 001 | 5869 | ||
| 008 | 161031n1985 II |||gr||||Z||||||eng | ||
| 020 | _a81-250-0526-9 | ||
| 040 | _aMAIN | ||
| 041 | _aEnglish | ||
| 082 | _a822 ELI | ||
| 100 | _aELIAS, MOHAMMED. | ||
| 245 | _aPLAYS IN ONE ACT | ||
| 250 | _a1ST. | ||
| 260 |
_aHYDERABAD _bORIENT LONGMAN _c1985 |
||
| 300 |
_a149: _c18CM. |
||
| 653 | _aEnglish drama | ||
| 700 |
_aELIAS, MOHAMMED., _eAUTHOR. |
||
| 942 | _cBK | ||
| 999 |
_c5854 _d5854 |
||